| 000 | 01935cam a2200349 i 4500 | ||
|---|---|---|---|
| 001 | 21527685 | ||
| 003 | NUST | ||
| 005 | 20210805125000.0 | ||
| 008 | 200512s2022 mau 001 0 eng | ||
| 010 | _a 2020022145 | ||
| 020 |
_a9781284240771 _q(hardcover) |
||
| 038 | _aAsim Zubair | ||
| 040 |
_aDLC _beng _cDLC _erda _dDLC |
||
| 042 | _apcc | ||
| 050 | 0 | 0 |
_aTA330 _b.Z55 2022 |
| 082 | 0 | 0 |
_a620.00151 _223 _bZIL |
| 100 | 1 |
_aZill, Dennis G., _d1940- _94603 |
|
| 245 | 1 | 0 |
_aAdvanced Engineering Mathematics / _cDennis G. Zill. |
| 250 | _aSeventh edition. | ||
| 264 | 1 |
_aBurlington, MA , _bJones & Bartlett Learning, _c2022. |
|
| 300 |
_a954 pages ; _c29 cm |
||
| 336 |
_atext _btxt _2rdacontent |
||
| 337 |
_aunmediated _bn _2rdamedia |
||
| 338 |
_avolume _bnc _2rdacarrier |
||
| 500 | _aIncludes index. | ||
| 520 |
_a"Modern and comprehensive, the new seventh edition of award-winning author, Dennis G. Zill's Advanced Engineering Mathematics is a compendium of topics that are most often covered in courses in engineering mathematics, and is extremely flexible to meet the unique needs of courses ranging from ordinary differential equations, to vector calculus, to partial differential equations. A key strength of this best-selling text is the author's emphasis on differential equations as mathematical models, discussing the constructs and pitfalls of each. An accessible writing style and robust pedagogical aids guide students through difficult concepts with thoughtful explanations, clear examples, interesting applications, and contributed project problems"-- _cProvided by publisher. |
||
| 563 | _aPaperback | ||
| 650 | 0 |
_aEngineering mathematics. _92310 |
|
| 906 |
_a7 _bcbc _corignew _d1 _eecip _f20 _gy-gencatlg |
||
| 942 |
_2ddc _cBK |
||
| 999 |
_c586109 _d586109 |
||